Các nhân tố ảnh hưởng đến động cơ làm việc và hành vi thực hiện công việc của công chức viên chức quận Thốt Nốt thành phố Cần Thơ : Luận văn Thạc sĩ Kinh tế. Chuyên ngành Quản trị kinh doanh

Phân tích các nhân tố ảnh hưởng đến động cơ làm việc của công chức viên chức, đánh giá sự ảnh hưởng của động cơ làm việc đến hành vi thực hiện công việc của công chức viên chức làm việc trong các cơ quan nhà nước quận Thốt Nốt....

Full beskrivning

Sparad:
Bibliografiska uppgifter
Huvudupphovsman: Đỗ, Thị Ngọc Duy
Materialtyp: Bok
Språk:Undetermined
Publicerad: Cần Thơ Trường Đại học Cần Thơ 2017
Ämnen:
Taggar: Lägg till en tagg
Inga taggar, Lägg till första taggen!
Thư viện lưu trữ: Trung tâm Học liệu Trường Đại học Cần Thơ
LEADER 01301nam a2200205Ia 4500
001 CTU_224147
008 210402s9999 xx 000 0 und d
082 |a 658.3 
082 |b D523 
088 |a 60340102 
100 |a Đỗ, Thị Ngọc Duy 
245 0 |a Các nhân tố ảnh hưởng đến động cơ làm việc và hành vi thực hiện công việc của công chức viên chức quận Thốt Nốt thành phố Cần Thơ : 
245 0 |b Luận văn Thạc sĩ Kinh tế. Chuyên ngành Quản trị kinh doanh 
245 0 |c Đỗ Thị Ngọc Duy ; Nguyễn Tuấn Kiệt (Cán bộ hướng dẫn) 
260 |a Cần Thơ 
260 |b Trường Đại học Cần Thơ 
260 |c 2017 
520 |a Phân tích các nhân tố ảnh hưởng đến động cơ làm việc của công chức viên chức, đánh giá sự ảnh hưởng của động cơ làm việc đến hành vi thực hiện công việc của công chức viên chức làm việc trong các cơ quan nhà nước quận Thốt Nốt. 
650 |a Quản trị nhân sự,Personnel management 
980 |a Trung tâm Học liệu Trường Đại học Cần Thơ